00604nam a2200205Ia 450000500170000000800410001702000150005808200130007310000130008624500460009926000400014530000150018565000150020065000230021565000260023865000180026494200060028295200950028899900150038320250130021535.0240331s9999 xx 000 0 und d a8185229686 bHABa954 aHabib, I 0aPrehistory :bpeople's history of India I aNew DelhibTulika publicationc2001 ax, 76 p ., aPrehistory aIndus Civilization aChalcolithic Cultures aVedic Culture cL 001040708LaWERCLbWERCLcSSCd2024-03-31l0o 954 HABp4740r2024-03-31w2024-03-31yL c3525d3525